The handbook of research on scalable computing technologies /

This book presents, discusses, shares ideas, results and experiences on the recent important advances and future challenges on enabling technologies for achieving higher performance.

Bibliographic Details
Other Authors: Li, Kuan-Ching
Format: Book
Language:English
Published: Hershey, Pa. : Information Science Reference, [2010]
Subjects:

MARC

Tag First Indicator Second Indicator Subfields
LEADER 00000cam a22000004a 4500
001 in00002498821
005 20151111052425.0
008 090210s2010 paua b 001 0 eng
010 |a  2009004402 
020 |a 9781605666617 (hardcover) 
020 |a 1605666610 (hardcover) 
020 |a 9781605666624 (ebook) 
020 |a 1605666629 (ebook) 
035 |a (OCoLC)ocn303901570 
040 |a DLC  |c DLC  |d YDX  |d BWX  |d UtOrBLW 
049 |a TXAM 
050 0 0 |a QA76.9.C58  |b H356 2010 
082 0 0 |a 004  |2 22 
245 0 4 |a The handbook of research on scalable computing technologies /  |c [edited by] Kuan-Ching Li [and others]. 
264 1 |a Hershey, Pa. :  |b Information Science Reference,  |c [2010] 
264 4 |c ©2010 
300 |a 2 volumes (xxxiv, 957, 26 pages) :  |b illustrations ;  |c 29 cm. 
336 |a text  |b txt  |2 rdacontent 
337 |a unmediated  |b n  |2 rdamedia 
338 |a volume  |b nc  |2 rdacarrier 
504 |a Includes bibliographical references and index. 
520 |a This book presents, discusses, shares ideas, results and experiences on the recent important advances and future challenges on enabling technologies for achieving higher performance. 
650 0 |a Computational grids (Computer systems) 
650 0 |a System design. 
650 0 |a Parallel processing (Electronic computers) 
650 0 |a Ubiquitous computing. 
700 1 |a Li, Kuan-Ching. 
938 |a Baker and Taylor  |b BTCP  |n BK0008309373 
938 |a YBP Library Services  |b YANK  |n 3042994 
938 |a Blackwell Book Service  |b BBUS  |n R2796004  |c $495.00 
945 |a PromptCat  |b 773713 
946 |a stk 
947 |a A14840140481 
947 |a A14840140520 
948 |a cataloged  |b h  |c 2009/8/28  |d c  |e dmitchel  |f 10:30:20 am 
994 |a 92  |b TXA 
999 |a MARS 
999 f f |s ac9675fe-bd88-3a6a-8744-21de588605ae  |i 48e9f6f8-e979-3db1-8470-b600544abdb3  |t 0 
952 f f |p normal  |a Texas A&M University  |b College Station  |c Sterling C. Evans Library  |d Evans: Library Stacks  |t 0  |e QA76.9.C58 H356 2010  |h Library of Congress classification  |i unmediated -- volume  |k v.2  |m A14840140520 
952 f f |p normal  |a Texas A&M University  |b College Station  |c Sterling C. Evans Library  |d Evans: Library Stacks  |t 0  |e QA76.9.C58 H356 2010  |h Library of Congress classification  |i unmediated -- volume  |k v.1  |m A14840140481 
998 f f |a QA76.9.C58 H356 2010  |s v.1-2  |t 0  |l Evans: Library Stacks